| 000 | 00566nam a22001817a 4500 | ||
|---|---|---|---|
| 003 | CEME | ||
| 005 | 20210628203221.0 | ||
| 008 | 210121b xxu||||| |||| 00| 0 eng d | ||
| 020 | _a0-07-304435-0 | ||
| 040 | _cCEME | ||
| 082 | _a658.15 WIL | ||
| 100 |
_aWild, John J , Larson, Kermit D , Chiappetta, Barbara _964040 |
||
| 245 | _aFinancial and managerial accounting information for decisions | ||
| 260 |
_aNEW YORK _bMCGRAW HILL _c2005 |
||
| 300 | _aXXX,486 P | ||
| 650 |
_aFINANCIAL AND MANAGERIAL ACCOUNTING INFORMATION FOR DECIS _964041 |
||
| 942 |
_cBK _2ddc |
||
| 999 |
_c572686 _d572686 |
||